| 000 | 01273cam a22001934a 4500 | ||
|---|---|---|---|
| 005 | 20250605164129.0 | ||
| 008 | 250528s ||||||||||||||||||||||||d | ||
| 035 | _a18572 | ||
| 040 |
_aGR-AtMCL _bgre _dGR-AtMCL _eAACR2 |
||
| 245 | 1 | _aPoster Annual 2001 / The International Annual of Poster Art | |
| 260 |
_bGraphics Inc, _c2001 |
||
| 300 | _a256 | ||
| 505 | 0 | _aArchitecture, Automotive, Bookstores, Broadcast, Calendars, Communications, Commemorative, Competitions, Corporations, Cosmetics, Dance, Design, Education, Environmental, Events, Exhibition, Fashion, Film, Food, Lectures, Museums, Music, Paper Companies, Photography, Political, Printing, Products, Public Service, Restaurants, Retail, Social, Sports, Theater, Travel, Typography, Web Sites, Index. | |
| 520 | _aArchitecture, Automotive, Bookstores, Broadcast, Calendars, Communications, Commemorative, Competitions, Corporations, Cosmetics, Dance, Design, Education, Environmental, Events, Exhibition, Fashion, Film, Food, Lectures, Museums, Music, Paper Companies, Photography, Political, Printing, Products, Public Service, Restaurants, Retail, Social, Sports, Theater, Travel, Typography, Web Sites, Index. | ||
| 700 | 1 |
_aPedersen Martin B _92391 |
|
| 942 | _cBK | ||
| 999 |
_c3921 _d3921 |
||